Countries by Electricity Consumption - Statistics

General Stats
  • This quiz has been taken 81 times
  • The average score is 14 of 15
Answer Stats
Rank Country Electricity Consumption in kW·h/yr % Correct
1 China 6,310,000,000,000
100%
2 United States 3,911,000,000,000
100%
10 France 431,000,000,000
98%
3 India 1,408,624,400,000
98%
4 Russia 1,065,000,000,000
98%
5 Japan 934,000,000,000
96%
11 United Kingdom 309,000,000,000
94%
8 Brazil 518,000,000,000
92%
6 Germany 533,000,000,000
92%
15 Mexico 238,000,000,000
92%
7 Canada 528,000,000,000
91%
12 Italy 291,000,000,000
91%
9 South Korea 495,000,000,000
83%
13 Saudi Arabia 272,000,000,000
74%
14 Taiwan 249,500,000,000
57%
No matching quizzes found
Score Distribution
Percent of People with Each Score
Percentile by Number Answered
Your Score History
You have not taken this quiz